<?xml version="1.0" encoding="UTF-8"?><?xml-stylesheet type="text/xsl" href="static/style.xsl"?><OAI-PMH xmlns="http://www.openarchives.org/OAI/2.0/" xmlns:xsi="http://www.w3.org/2001/XMLSchema-instance" xsi:schemaLocation="http://www.openarchives.org/OAI/2.0/ http://www.openarchives.org/OAI/2.0/OAI-PMH.xsd"><responseDate>2026-06-03T05:26:44Z</responseDate><request verb="GetRecord" identifier="oai:riuma.uma.es:10630/33673" metadataPrefix="marc">https://riuma.uma.es/rest/oai/request</request><GetRecord><record><header><identifier>oai:riuma.uma.es:10630/33673</identifier><datestamp>2026-02-03T10:55:46Z</datestamp><setSpec>com_10630_2254</setSpec><setSpec>col_10630_37953</setSpec></header><metadata><record xmlns="http://www.loc.gov/MARC21/slim" xmlns:dcterms="http://purl.org/dc/terms/" xmlns:doc="http://www.lyncode.com/xoai" xmlns:xsi="http://www.w3.org/2001/XMLSchema-instance" xsi:schemaLocation="http://www.loc.gov/MARC21/slim http://www.loc.gov/standards/marcxml/schema/MARC21slim.xsd">
   <leader>00925njm 22002777a 4500</leader>
   <datafield ind2=" " ind1=" " tag="042">
      <subfield code="a">dc</subfield>
   </datafield>
   <datafield ind2=" " ind1=" " tag="720">
      <subfield code="a">Rahafar, Arash</subfield>
      <subfield code="e">author</subfield>
   </datafield>
   <datafield ind2=" " ind1=" " tag="720">
      <subfield code="a">Randler, Christoph</subfield>
      <subfield code="e">author</subfield>
   </datafield>
   <datafield ind2=" " ind1=" " tag="720">
      <subfield code="a">Castellana, Ina</subfield>
      <subfield code="e">author</subfield>
   </datafield>
   <datafield ind2=" " ind1=" " tag="720">
      <subfield code="a">Antúnez-Vílchez, Juan Manuel</subfield>
      <subfield code="e">author</subfield>
   </datafield>
   <datafield ind2=" " ind1=" " tag="260">
      <subfield code="c">2017</subfield>
   </datafield>
   <datafield ind2=" " ind1=" " tag="520">
      <subfield code="a">Individuals differ in their chronotype, and some are identified as morning ones and others as evening ones. Earlier studies showed that women were higher on morningness, conscientiousness, and agreeableness. In this study, we aimed at exploring the mediational effects of conscientiousness and agreeableness in the relationship of gender and morningness-eveningness. Participants were 669 university students. Results supported positive relationships between morningness and conscientiousness and agreeableness and between conscientiousness and agreeableness. Females were higher on all these three variables. Mediation analyses suggested that the effect of gender (here females) on chronotype (here morningness) was mediated by conscientiousness but not agreeableness so that after the mediation partially occurred, the gender's effect did not remain significant anymore. This study backed our hypothesis that conscientiousness might play a more pronounced role than the intrinsic diurnal rhythm concerning the sex differences in chronotype.</subfield>
   </datafield>
   <datafield ind1="8" ind2=" " tag="024">
      <subfield code="a">Rahafar, A., Castellana, I., Randler, C. &amp; Antúnez, J. M. (2017). Conscientiousness but not agreeableness mediates females’ tendency toward being a morning person. Scandinavian Journal of Psychology, 58, 249–253.</subfield>
   </datafield>
   <datafield ind1="8" ind2=" " tag="024">
      <subfield code="a">https://hdl.handle.net/10630/33673</subfield>
   </datafield>
   <datafield ind1="8" ind2=" " tag="024">
      <subfield code="a">10.1111/sjop.12362</subfield>
   </datafield>
   <datafield tag="653" ind2=" " ind1=" ">
      <subfield code="a">Cronotipos</subfield>
   </datafield>
   <datafield ind2="0" ind1="0" tag="245">
      <subfield code="a">Conscientiousness but Not Agreeableness Decreases Females’ Tendency Toward Being Morning-Type</subfield>
   </datafield>
</record>
</metadata></record></GetRecord></OAI-PMH>